书目信息 |
| 题名: |
中国古代文化常识
|
|
| 作者: | 吕思勉 著 ;徐卫东 整理 | |
| 分册: | ||
| 出版信息: | 北京 中华书局 2020 |
|
| 页数: | 375页 | |
| 开本: | 21cm | |
| 丛书名: | ||
| 单 册: | ||
| 中图分类: | K220.3 | |
| 科图分类: | ||
| 主题词: | 文化史--wen hua shi--中国--古代 | |
| 电子资源: | ||
| ISBN: | 978-7-101-14469-7 | |
| 000 | 00832nam0 2200241 450 | |
| 001 | 2131053641 | |
| 005 | 20211029202829.0 | |
| 010 | @a978-7-101-14469-7@b精装@dCNY68.00 | |
| 100 | @a20200922d2020 em y0chiy0120 ea | |
| 101 | 0 | @achi |
| 102 | @aCN@b110000 | |
| 105 | @ay z 000yy | |
| 106 | @ar | |
| 200 | 1 | @a中国古代文化常识@Azhong guo gu dai wen hua chang shi@e精装珍藏版@f吕思勉著@g徐卫东整理 |
| 210 | @a北京@c中华书局@d2020 | |
| 215 | @a375页@d21cm | |
| 330 | @a本书分门别类系统地叙述了中国古代社会婚姻、族制、政体、官制、赋税、兵制、刑法、衣食住行、教育、宗教和文化学术等许多方面的起源与演变情况。 | |
| 606 | 0 | @a文化史@Awen hua shi@y中国@z古代 |
| 690 | @aK220.3@v5 | |
| 701 | 0 | @a吕思勉@Alv si mian@4著 |
| 702 | 0 | @a徐卫东@Axu wei dong@4整理 |
| 801 | 0 | @aCN@b百万庄@c20211029 |
| 905 | @b1313411-14@dK220.3@e165@f4 | |
| 中国古代文化常识:精装珍藏版/吕思勉著/徐卫东整理.-北京:中华书局,2020 |
| 375页;21cm |
| ISBN 978-7-101-14469-7(精装):CNY68.00 |
| 本书分门别类系统地叙述了中国古代社会婚姻、族制、政体、官制、赋税、兵制、刑法、衣食住行、教育、宗教和文化学术等许多方面的起源与演变情况。 |
| ● |
| 相关链接 |
|
|
|
|
正题名:中国古代文化常识
索取号:K220.3/165
 
预约/预借
| 序号 | 登录号 | 条形码 | 馆藏地/架位号 | 状态 | 备注 |
| 1 | 1313411 | 213134115 | 第二样本阅览室/ [索取号:K220.3/165] | 在馆 | |
| 2 | 1313412 | 213134124 | 第二借阅区/ [索取号:K220.3/165] | 在馆 | |
| 3 | 1313413 | 213134133 | 第二借阅区/ [索取号:K220.3/165] |
已借出,限还日期为2027.05.05 借出人:李晓化 |
|
| 4 | 1313414 | 213134142 | 第二借阅区/ [索取号:K220.3/165] | 在馆 |